Movies Quiz

Random Movies Quiz

What Movie? 4 Word Movie Marathon (Slideshow) Quiz Stats

Quiz not verified by Sporcle

Score 0/100 Timer 20:00
0 Plays Today
% Correct
Back to the Future
90.1%
The Wizard of Oz
89.4%
Singin' in the Rain
81.5%
Planet of the Apes
81.1%
Night at the Museum
80.7%
War of the Worlds
79.1%
Snakes on a Plane
77.1%
The Pursuit of Happyness
74.5%
White Men Can't Jump
73.8%
Shaun of the Dead
73.5%
Gangs of New York
72.9%
Guardians of the Galaxy
72.6%
Father of the Bride
72.5%
The Theory of Everything
71.2%
Up in the Air
71.1%
The Dark Knight Rises
70.8%
The Grand Budapest Hotel
69.3%
Some Like It Hot
68.5%
We Bought a Zoo
68.5%
Dude, Where's My Car?
68.3%
Rebel Without a Cause
68.2%
Gone with the Wind
66.6%
There Will Be Blood
64.3%
Star Trek Into Darkness
63.5%
This Is the End
62.5%
The Day After Tomorrow
62%
Jingle All the Way
62%
The Mask of Zorro
60.6%
Now You See Me
60%
Man on the Moon
59.7%
Scent of a Woman
59.3%
The Book of Eli
58.3%
All the President's Men
57.6%
It's a Wonderful Life
57.4%
% Correct
A Fish Called Wanda
56.2%
The Color of Money
54.6%
The Thin Red Line
53.7%
Dawn of the Dead
52.9%
From Dusk till Dawn
52.7%
What's Eating Gilbert Grape
52.1%
The Girl Next Door
50.1%
The Grapes of Wrath
50%
The Invention of Lying
48.4%
Save the Last Dance
47.9%
Chitty Chitty Bang Bang
47.3%
Seven Years in Tibet
47.1%
I Love You, Man
46.8%
Do the Right Thing
46.7%
Letters from Iwo Jima
46.3%
Kiss Kiss Bang Bang
46.1%
The Tree of Life
45.3%
Thank You for Smoking
45%
A Time to Kill
44.8%
Tinker Tailor Soldier Spy
43.8%
Just Go With It
42.7%
A History of Violence
42.6%
Death at a Funeral
40.5%
Empire of the Sun
40.4%
It Happened One Night
37.4%
What Dreams May Come
36.4%
Sex, Lies, and Videotape
36%
A Walk to Remember
35.1%
The Time Traveler's Wife
35%
The Last Picture Show
34.7%
Enemy at the Gates
33.2%
Sleeping with the Enemy
33%
The Cider House Rules
32.1%
Masters of the Universe
31.7%
% Correct
Clear and Present Danger
31.5%
Requiem for a Dream
30.4%
The Way, Way Back
29.9%
Along Came a Spider
29.5%
The Witches of Eastwick
28.7%
Tears of the Sun
23.4%
Bringing Out the Dead
22.6%
We Own the Night
22.2%
House of Flying Daggers
21.8%
The Lives of Others
21.6%
Only Lovers Left Alive
20.1%
Drag Me to Hell
19.9%
The Next Three Days
19.2%
Welcome to the Dollhouse
16.8%
Murder in the First
16.2%
Never Let Me Go
15.9%
Dancer in the Dark
15%
The Rules of Attraction
14.6%
Witness for the Prosecution
13.9%
Strangers on a Train
13.6%
Pink Floyd The Wall
13%
Life as a House
13%
The Midnight Meat Train
12.6%
All About My Mother
12.6%
Picnic at Hanging Rock
12.5%
A Very Long Engagement
11.6%
Martha Marcy May Marlene
11%
The Long Good Friday
10.3%
Nothing but the Truth
7.2%
Deliver Us from Evil
7.2%
I Saw the Devil
6.4%
My Life Without Me
3.3%

You're not logged in!

Compare scores with friends on all Sporcle quizzes.
Sign Up with Email
OR
Log In

You Might Also Like...

Show Comments

Extras

Top Quizzes Today


Score Distribution

Your Account Isn't Verified!

In order to create a playlist on Sporcle, you need to verify the email address you used during registration. Go to your Sporcle Settings to finish the process.